The rainbird pattern
Novela que narra dos tramas que lentamente se van hilando hasta formar una sola historia, donde los personajes deben ir descubriendo la vinculación que hay en ambas historias a través de las investigaciones de la médium Blanche Tyler y George Lumley. La primera, donde un criminal llamado Trader ha s...
Guardado en:
| 主要作者: | |
|---|---|
| 格式: | 图书 |
| 语言: | Undetermined |
| 出版: |
Londres, Inglaterra
Pan Books
1974
|
| 主题: | |
| 标签: |
添加标签
没有标签, 成为第一个标记此记录!
|
MARC
| LEADER | 00000nam a2200000Ia 4500 | ||
|---|---|---|---|
| 008 | 170316s9999 xx 000 0 und d | ||
| 040 | |a cru BVZT | ||
| 090 | |a 820 C-2r | ||
| 100 | |a Canning, Victor | ||
| 245 | 4 | |a The rainbird pattern | |
| 260 | |a Londres, Inglaterra | ||
| 260 | |b Pan Books | ||
| 260 | |c 1974 | ||
| 300 | |a 237 páginas | ||
| 520 | |a Novela que narra dos tramas que lentamente se van hilando hasta formar una sola historia, donde los personajes deben ir descubriendo la vinculación que hay en ambas historias a través de las investigaciones de la médium Blanche Tyler y George Lumley. La primera, donde un criminal llamado Trader ha secuestrado a dos diputados y como la policía trata de descubrir su identidad. La segunda donde la anciana y rica señorita Grace Rainbird, llamada a una médium para localizar al hijo ilegítimo de su hermana muerta y verificar si es un buen heredero. | ||
| 650 | |a LITERATURA INGLESA |9 12 | ||
| 999 | |c 6790 |d 6790 | ||
| 942 | |c 15 D |h 820 C-2r |2 z | ||
